| 000 | 00618nam a2200229Ia 4500 | ||
|---|---|---|---|
| 003 | OSt | ||
| 005 | 20220923213538.0 | ||
| 006 | a|||||r|||| 00| 0 | ||
| 007 | ta | ||
| 008 | 220922b |||||||| |||| 00| 0 hin d | ||
| 024 | _a162,733 | ||
| 037 | _cTextual | ||
| 040 |
_aARTS _cARTS _bhin |
||
| 041 |
_2hin _ahin |
||
| 082 | _aO152:3M88x, K65 | ||
| 100 |
_aचतुरसेन _9156280 |
||
| 245 | 0 | _aकहानी खत्म हो गई | |
| 246 | _aKahānī khatma ho gaī | ||
| 260 | _c1966 | ||
| 942 |
_hO152:3M88x, K65 _cTEXL _2CC |
||
| 999 |
_c317213 _d317213 |
||